Инновационная психотерапия (Запис № 308475)

МАРК-запис
000 -LEADER
fixed length control field 00690nam a22002537a 4500
001 - CONTROL NUMBER
control field 22259
003 - CONTROL NUMBER IDENTIFIER
control field UA-OsUOA
005 - DATE AND TIME OF LATEST TRANSACTION
control field 20200522174205.0
007 - PHYSICAL DESCRIPTION FIXED FIELD--GENERAL INFORMATION
fixed length control field ta
008 - FIXED-LENGTH DATA ELEMENTS--GENERAL INFORMATION
fixed length control field 20031217b un ||||| |||| 00| 0 ukr d
020 ## - INTERNATIONAL STANDARD BOOK NUMBER
International Standard Book Number 5-318-00035-5
040 ## - CATALOGING SOURCE
Original cataloging agency UA-OsUOA
Language of cataloging rus
Transcribing agency UA-OsUOA
Modifying agency UA-OsUOA
041 ## - LANGUAGE CODE
Language code of text/sound track or separate title rus
044 ## - COUNTRY OF PUBLISHING/PRODUCING ENTITY CODE
MARC country code RU
080 ## - UNIVERSAL DECIMAL CLASSIFICATION NUMBER
Universal Decimal Classification number 159.964
090 ## - LOCALLY ASSIGNED LC-TYPE CALL NUMBER (OCLC); LOCAL CALL NUMBER (OCLC)
Classification number (OCLC) (R) ; Classification number, CALL (RLIN) (NR) 159.964
Local cutter number (OCLC) ; Book number/undivided call number, CALL (RLIN) Д42
245 ## - TITLE STATEMENT
Title Инновационная психотерапия
Statement of responsibility, etc ред. Д. Джоунс
260 ## - PUBLICATION, DISTRIBUTION, ETC. (IMPRINT)
Place of publication, distribution, etc Санкт-Петербург
Name of publisher, distributor, etc Питер
Date of publication, distribution, etc 2001
300 ## - PHYSICAL DESCRIPTION
Extent 372 с.
650 #7 - SUBJECT ADDED ENTRY--TOPICAL TERM
Source of heading or term UDC
942 ## - ADDED ENTRY ELEMENTS (KOHA)
Koha item type Книги
Source of classification or shelving scheme Universal Decimal Classification
955 ## - COPY-LEVEL INFORMATION (RLIN)
Classification number, CCAL (RLIN) інше
Фонди
Withdrawn status Lost status Source of classification or shelving scheme Damaged status Not for loan Home library Current library Date acquired Inventory number Total Checkouts Full call number Barcode Date last seen Price effective from Koha item type Cost, normal purchase price
    Universal Decimal Classification     ЧЗ - Читальна зала ЧЗ - Читальна зала 17/12/2003 62897   159.964 Д42 62897 09/02/2022 17/12/2003 Книги  
    Universal Decimal Classification     ЧЗ - Читальна зала ЧЗ - Читальна зала 23/12/2003 62878   159.964 Д42 62878 09/02/2022 23/12/2003 Книги 7.00